000 01066nam a2200289Ia 4500
005 20220317001721.0
008 170306s2007 ck a g 000 0 spa
020 _a9789583000218
041 _aspa
082 0 4 _a395.5
_bC17m
100 1 _aCarreño, Manuel A.
245 1 0 _aManual de urbanidad y buenas maneras
_bde consulta indispensable para niños, jóvenes y adultos
_cManuel A. Carreño ; ilustraciones Juan Ramón Sierra Carrasquilla
250 _a1a. edición
_b13a. reimpresión
300 _a429 páginas
_bilustraciones en blanco y negro
_c21 cm
490 _aParaeducativo
650 1 4 _2LEMB
_aEtiquetas
_xManuales
650 1 4 _2LEMB
_aCortesía
_xManuales
650 1 4 _2LEMB
_aUsos y costumbres
_xManuales
650 1 4 _2LEMB
_aEtiqueta
_xAspectos sociales
700 1 _aSierra Carrasquilla, Juan Ramón
_910134
942 _2ddc
_cBK
264 _aBogotá
_bPanamericana
_c2007
336 _atexto
_btxt
_2rdacontent
337 _asin mediación
_bn
_2rdamedia
338 _avolumen
_bnc
_2rdacarrier
040 _aCO-BoRNBP
_bspa
_erda
_cCO-BoRNBP
999 _c7841
_d7841